El desarrollo urbano y la tesis de la función social de la propiedad
Gespeichert in:
| 1. Verfasser: | |
|---|---|
| Körperschaft: | |
| Format: | Buch |
| Sprache: | Spanish |
| Veröffentlicht: |
Azcapotzalco, Distrito Federal, México
Universidad Autónoma Metropolitana
1982
|
| Schlagworte: | |
| Tags: |
Tag hinzufügen
Keine Tags, Fügen Sie den ersten Tag hinzu!
|
MARC
| LEADER | 00000nam a2200000 4500 | ||
|---|---|---|---|
| 003 | cru CIDCACS/IIS | ||
| 005 | 20190212062545.0 | ||
| 008 | 190117b1982 MX ||||| |||| 00| 0 spa d | ||
| 999 | |c 42056 |d 42056 | ||
| 040 | |c cru CIDCACS/IIS | ||
| 090 | |a REV0001 3(5) 1982 | ||
| 100 | |9 8215 |a Azuela de la Cueva, Antonio | ||
| 110 | |9 8187 |a Universidad Autónoma Metropolitana, UAM | ||
| 245 | |a El desarrollo urbano y la tesis de la función social de la propiedad |c Antonio Azuela de la Cueva | ||
| 260 | |a Azcapotzalco, Distrito Federal, México |b Universidad Autónoma Metropolitana |c 1982 | ||
| 300 | |a Páginas 65-84. | ||
| 650 | 4 | |9 3403 |a DERECHO CIVIL | |
| 650 | 0 | |9 3064 |a DERECHO PUBLICO | |
| 650 | 0 | |9 3837 |a DERECHO SOCIAL | |
| 650 | 0 | |9 2165 |a CONDICIONES ECONOMICAS | |
| 650 | 0 | |a SOCIOLOGIA URBANA |9 1187 | |
| 650 | 0 | |9 1180 |a DESARROLLO URBANO | |
| 650 | 0 | |9 1182 |a URBANISMO | |
| 650 | 0 | |9 1580 |a PROPIEDAD DE LA TIERRA | |
| 651 | 0 | |9 3410 |a MEXICO | |
| 773 | 0 | |0 18805 |9 2591 |d Azcapotzalco UAM |o 02281 |t AZCAPOTZALCO | |
| 942 | |2 ddc |c PP | ||
